Statistiche per Brigate dell'Esercito Italiano

Clicka qui per fare il quiz!

Statistiche generali

  • Questo quiz è stato fatto 42 volte
  • Il punteggio medio è 4 su 11

Statistiche sulle risposte

ComandoBrigata% Corretto
LivornoBrigata paracadutisti "Folgore"
71%
SassariBrigata meccanizzata "Sassari"
60%
UdineBrigata alpina "Julia"
51%
TorinoBrigata alpina "Taurinense"
46%
RomaBrigata meccanizzata "Granatieri di Sardegna"
34%
CasertaBrigata bersaglieri "Garibaldi"
26%
PordenoneBrigata corazzata "Ariete"
20%
BolognaBrigata aeromobile "Friuli"
17%
MessinaBrigata meccanizzata "Aosta"
11%
BariBrigata meccanizzata "Pinerolo"
11%
GoriziaBrigata cavalleria "Pozzuolo del Friuli"
9%

Distribuzione punteggi

Percentile per numero di risposta

Percentuale di utenti per punteggio

I tuoi punteggi nel tempo

Non hai fatto questo quiz